<?xml version="1.0" encoding="UTF-8"?>
<record
    xmlns:xsi="http://www.w3.org/2001/XMLSchema-instance"
    xsi:schemaLocation="http://www.loc.gov/MARC21/slim http://www.loc.gov/standards/marcxml/schema/MARC21slim.xsd"
    xmlns="http://www.loc.gov/MARC21/slim">

  <leader>00636nam a22001817a 4500</leader>
  <datafield tag="999" ind1=" " ind2=" ">
    <subfield code="c">5116</subfield>
    <subfield code="d">5116</subfield>
  </datafield>
  <controlfield tag="003">DO-SdBHA</controlfield>
  <controlfield tag="005">20190207125750.0</controlfield>
  <controlfield tag="008">190114b           ||||| |||| 00| 0 spa d</controlfield>
  <datafield tag="022" ind1=" " ind2=" ">
    <subfield code="a">978-0-85265-249-7</subfield>
  </datafield>
  <datafield tag="040" ind1=" " ind2=" ">
    <subfield code="c">DO-SdBJH</subfield>
  </datafield>
  <datafield tag="082" ind1=" " ind2=" ">
    <subfield code="a">070.92;920       </subfield>
    <subfield code="b"> H263m                2012</subfield>
  </datafield>
  <datafield tag="100" ind1=" " ind2=" ">
    <subfield code="a">Harding, Luke</subfield>
  </datafield>
  <datafield tag="245" ind1=" " ind2=" ">
    <subfield code="a">Mafia State: how one reporter became an enemy of the brutal new Russia/</subfield>
    <subfield code="c"> Luke Harding</subfield>
  </datafield>
  <datafield tag="260" ind1=" " ind2=" ">
    <subfield code="a">Inglaterra, Londres :</subfield>
    <subfield code="b">Guardianbooks ,</subfield>
    <subfield code="c">2012</subfield>
  </datafield>
  <datafield tag="300" ind1=" " ind2=" ">
    <subfield code="a">310 p&#xE1;ginas</subfield>
  </datafield>
  <datafield tag="650" ind1=" " ind2=" ">
    <subfield code="a">Periodismo  </subfield>
    <subfield code="v"> Condiciones sociales     </subfield>
    <subfield code="x">Pol&#xED;tica y gobierno, 1991      </subfield>
    <subfield code="z">Rusia (Federaci&#xF3;n)</subfield>
  </datafield>
  <datafield tag="942" ind1=" " ind2=" ">
    <subfield code="2">ddc</subfield>
    <subfield code="c">BK</subfield>
  </datafield>
  <datafield tag="952" ind1=" " ind2=" ">
    <subfield code="0">0</subfield>
    <subfield code="1">0</subfield>
    <subfield code="2">ddc</subfield>
    <subfield code="4">0</subfield>
    <subfield code="7">0</subfield>
    <subfield code="8">CG</subfield>
    <subfield code="a">BEGEM</subfield>
    <subfield code="b">BEGEM</subfield>
    <subfield code="c">GEN</subfield>
    <subfield code="d">2019-01-14</subfield>
    <subfield code="i">19-EERD-01634 </subfield>
    <subfield code="l">0</subfield>
    <subfield code="o">070.92;920        H263m                2012</subfield>
    <subfield code="p">19-EERD-01634 </subfield>
    <subfield code="r">2019-01-14 00:00:00</subfield>
    <subfield code="t">Ej.1</subfield>
    <subfield code="w">2019-01-14</subfield>
    <subfield code="y">BK</subfield>
  </datafield>
  <datafield tag="952" ind1=" " ind2=" ">
    <subfield code="0">0</subfield>
    <subfield code="1">0</subfield>
    <subfield code="2">ddc</subfield>
    <subfield code="4">0</subfield>
    <subfield code="7">0</subfield>
    <subfield code="8">CG</subfield>
    <subfield code="a">BEGEM</subfield>
    <subfield code="b">BEGEM</subfield>
    <subfield code="c">GEN</subfield>
    <subfield code="d">2019-01-14</subfield>
    <subfield code="i">19-EERD-01635</subfield>
    <subfield code="l">0</subfield>
    <subfield code="o">070.92;920        H263m                2012</subfield>
    <subfield code="p">19-EERD-01635</subfield>
    <subfield code="r">2019-01-14 00:00:00</subfield>
    <subfield code="t">Ej.2</subfield>
    <subfield code="w">2019-01-14</subfield>
    <subfield code="y">BK</subfield>
  </datafield>
</record>
